000 00278nam a22001337a 4500
008 170731b xxu||||| |||| 00| 0 eng d
020 _a783254034488
041 _aeng
080 _22ND
_a004
100 _a32
101 _aSHK
245 _aC/C++
_cSCHILDT,H
942 _2udc
_cBK
999 _c22231
_d22231